[Event "Online Olym Div3 E"]
[Site "Chess.com INT"]
[Date "2021.08.27"]
[Round "1.3"]
[White "Anquandah, Francis Eric"]
[Black "Sanchez Alvarez, Roberto Carlos"]
[Result "0-1"]
[WhiteElo "1965"]
[BlackElo "2394"]
[PlyCount "84"]
[EventDate "2021.08.27"]
[EventType "team-tourn (rapid)"]
[EventRounds "9"]
[EventCountry "USA"]
[SourceTitle "CBM 204 Extra"]
[Source "ChessBase"]
[SourceDate "2021.11.30"]
[SourceVersion "1"]
[SourceVersionDate "2021.11.30"]
[SourceQuality "1"]
[WhiteTeam "Ghana"]
[BlackTeam "Panama"]
[WhiteTeamCountry "GHA"]
[BlackTeamCountry "PAN"]

1. e4 c5 2. Nf3 d6 3. d4 cxd4 4. Bb5+ Nc6 5. Nxd4 Bd7 6. Nc3 g6 7. Be3 Nf6 8. f3 Bg7 9. Qd2 0-0 10. 0-0-0 Rc8 11. h4 h5 12. Be2 Ne5 13. Kb1 Nc4 14. Bxc4 Rxc4 15. Nb3 Qc7 16. Bh6 Bxh6 17. Qxh6 Rxc3 18. bxc3 Qxc3 19. Qd2 Qc7 20. g4 hxg4 21. h5 Rc8 22. hxg6 fxg6 23. Rc1 gxf3 24. Qg5 Kf7 25. Rh6 Rg8 26. Qf4 Bg4 27. Rh7+ Rg7 28. Rxg7+ Kxg7 29. Re1 e5 30. Qe3 Qb6 31. Qxb6 axb6 32. Nd2 g5 33. Rf1 d5 34. Nxf3 Bxf3 35. Rxf3 Nxe4 36. Kc1 g4 37. Rf1 Kg6 38. a3 Kg5 39. Kd1 g3 40. Ke1 Kg4 41. Ke2 g2 42. Rb1 Nc3+ 0-1

[Event "Online Olym Div4 D"]
[Site "Chess.com INT"]
[Date "2021.08.22"]
[Round "10.6"]
[White "Anquandah, Francis Eric"]
[Black "Gamba, Karim Felix"]
[Result "0-1"]
[WhiteElo "1965"]
[BlackElo "1808"]
[PlyCount "68"]
[EventDate "2021.08.20"]
[EventType "team (rapid)"]
[EventRounds "11"]
[EventCountry "USA"]
[SourceTitle "CBM 203 Extra"]
[Source "ChessBase"]
[SourceDate "2021.09.30"]
[SourceVersion "1"]
[SourceVersionDate "2021.09.30"]
[SourceQuality "1"]
[WhiteTeam "Ghana"]
[BlackTeam "Congo"]
[WhiteTeamCountry "GHA"]
[BlackTeamCountry "CON"]

1. e4 Nf6 2. e5 Nd5 3. Bc4 c6 4. Nf3 g6 5. d4 Bg7 6. Bxd5 cxd5 7. Nc3 e6 8. Bg5 Qb6 9. 0-0 0-0 10. b3 d6 11. Be7 dxe5 12. Bxf8 Kxf8 13. Nxe5 Nc6 14. Nxc6 bxc6 15. Ne2 Ba6 16. c3 c5 17. dxc5 Qxc5 18. Rc1 Rc8 19. Nd4 Bxf1 20. Nxe6+ fxe6 21. Qf3+ Kg8 22. Rxf1 Qxc3 23. Qg4 Qf6 24. h3 Rf8 25. Qa4 Qd4 26. Qd7 e5 27. Rc1 Qxf2+ 28. Kh1 d4 29. Qxa7 d3 30. Qd7 d2 31. Rc7 Qf1+ 32. Kh2 Qf7 33. Qxf7+ Rxf7 34. Rc8+ Rf8 0-1

[Event "Online Olym Div4 D"]
[Site "Chess.com INT"]
[Date "2021.08.21"]
[Round "7.2"]
[White "Anquandah, Francis Eric"]
[Black "Koumba Mounguengui, Jose Evrard"]
[Result "1-0"]
[WhiteElo "1965"]
[BlackElo "1942"]
[PlyCount "95"]
[EventDate "2021.08.20"]
[EventType "team (rapid)"]
[EventRounds "11"]
[EventCountry "USA"]
[SourceTitle "CBM 203 Extra"]
[Source "ChessBase"]
[SourceDate "2021.09.30"]
[SourceVersion "1"]
[SourceVersionDate "2021.09.30"]
[SourceQuality "1"]
[WhiteTeam "Ghana"]
[BlackTeam "Gabun"]
[WhiteTeamCountry "GHA"]
[BlackTeamCountry "GAB"]

1. e4 c5 2. Nf3 d6 3. d4 cxd4 4. Bb5+ Bd7 5. Bxd7+ Qxd7 6. Nxd4 Nf6 7. f3 g6 8. c4 Bg7 9. Nc3 0-0 10. Be3 Nc6 11. Qd2 Ne5 12. b3 Rfc8 13. Rc1 a6 14. 0-0 Ne8 15. Nd5 Qd8 16. Ne2 Rc6 17. Nd4 Rcc8 18. Nc2 Nd7 19. Bd4 e6 20. Nc3 Ne5 21. Na4 Nc6 22. Bb6 Qh4 23. Bf2 Qh5 24. Nb6 Ne5 25. Nxa8 Rxa8 26. Bb6 Rc8 27. h3 Rc6 28. Be3 f5 29. Nd4 fxe4 30. Nxc6 Nxc6 31. fxe4 Be5 32. Bf4 Bd4+ 33. Kh2 Nf6 34. Bxd6 Nxe4 35. Qf4 Nf6 36. Rcd1 g5 37. Qg3 Ne4 38. Qe1 Nxd6 39. Qxe6+ Nf7 40. Qc8+ Kg7 41. Qxb7 Be5+ 42. Kh1 Nd4 43. Qd5 Nf3 44. Qxf3 Qg6 45. Rd7 Bf4 46. g3 Qf5 47. Rxf7+ Kxf7 48. gxf4 1-0

[Event "Accra op"]
[Site "Accra"]
[Date "2021.04.03"]
[Round "6"]
[White "Anquandah, Francis Eric"]
[Black "Senyegah, Paul"]
[Result "1-0"]
[WhiteElo "1954"]
[BlackElo "1612"]
[PlyCount "41"]
[EventDate "2021.04.01"]
[EventType "swiss"]
[EventRounds "9"]
[EventCountry "GHA"]
[SourceTitle "EXT 2022"]
[Source "ChessBase"]
[SourceDate "2021.10.06"]
[SourceVersion "1"]
[SourceVersionDate "2021.10.06"]
[SourceQuality "1"]

1. e4 g6 2. d4 d6 3. Nc3 Nf6 4. f3 Bg7 5. Be3 c6 6. Qd2 b5 7. 0-0-0 0-0 8. Bh6 Qa5 9. Kb1 b4 10. Nce2 c5 11. Nc1 cxd4 12. Nb3 Qb6 13. Bxg7 Kxg7 14. Nxd4 a5 15. h4 h5 16. g4 hxg4 17. h5 gxh5 18. Qg5+ Kh7 19. e5 Rg8 20. Bd3+ Rg6 21. exf6 1-0

[Event "Online Olym Div4 D"]
[Site "Chess.com INT"]
[Date "2020.08.02"]
[Round "7.3"]
[White "Anquandah, Francis Eric"]
[Black "Alqawasme, Shadi"]
[Result "1-0"]
[WhiteElo "1934"]
[BlackElo "1853"]
[PlyCount "59"]
[EventDate "2020.07.31"]
[EventType "team-tourn (rapid)"]
[EventRounds "9"]
[EventCountry "USA"]
[SourceTitle "CBM 198"]
[Source "ChessBase"]
[SourceDate "2020.10.31"]
[SourceVersion "1"]
[SourceVersionDate "2020.10.31"]
[SourceQuality "1"]
[WhiteTeam "Ghana"]
[BlackTeam "Palestine"]
[WhiteTeamCountry "GHA"]
[BlackTeamCountry "PLE"]

1. e4 e5 2. Nf3 Nc6 3. Bc4 Be7 4. d4 exd4 5. c3 d6 6. cxd4 Nf6 7. Nc3 Bg4 8. Be3 0-0 9. Qd2 a6 10. h3 Bh5 11. Bd3 Re8 12. 0-0-0 b5 13. Nd5 Bg6 14. Nxf6+ Bxf6 15. Bc2 Bxe4 16. Bxe4 Rxe4 17. g4 g6 18. g5 Bg7 19. h4 Qd7 20. d5 Ne7 21. Kb1 Qf5 22. Qc2 Qf4 23. Bxf4 Rxf4 24. Qxc7 Nf5 25. Nd2 Rxf2 26. Rhf1 Rh2 27. Rxf5 gxf5 28. Qxd6 Rxh4 29. Qc6 Rd8 30. Re1 1-0

[Event "GHA-ch"]
[Site "Accra"]
[Date "2018.12.02"]
[Round "3"]
[White "Anquandah, Francis Eric"]
[Black "Adu Jnr, Lionel"]
[Result "1/2-1/2"]
[WhiteElo "1965"]
[BlackElo "1897"]
[PlyCount "135"]
[EventDate "2018.12.01"]
[EventType "tourn"]
[EventRounds "9"]
[EventCountry "GHA"]
[SourceTitle "CBM 187 Extra"]
[Source "ChessBase"]
[SourceDate "2018.11.04"]
[SourceVersion "1"]
[SourceVersionDate "2018.11.04"]
[SourceQuality "1"]

1. e4 c6 2. d4 d5 3. Nd2 g6 4. Ngf3 Bg4 5. Be2 Bg7 6. e5 e6 7. h3 Bxf3 8. Nxf3 c5 9. Bb5+ Nc6 10. 0-0 Qb6 11. a4 cxd4 12. Qxd4 Qxd4 13. Nxd4 Nge7 14. f4 0-0 15. Bxc6 bxc6 16. b4 Rfc8 17. Nb3 Nf5 18. Kh2 Bf8 19. g4 Ng7 20. Ba3 a6 21. c3 Rab8 22. Rab1 Ne8 23. Rf2 Nc7 24. Rfb2 Na8 25. Nc5 Nb6 26. Nxa6 Ra8 27. Nc5 Nxa4 28. Nxa4 Rxa4 29. Rb3 Rca8 30. Bc1 Ra2+ 31. R3b2 d4 32. Bd2 dxc3 33. Bxc3 R8a3 34. Be1 Rxb2+ 35. Rxb2 Re3 36. Rb1 Re4 37. Kg3 Re3+ 38. Kg2 Re4 39. Kf3 Rc4 40. Bd2 Be7 41. Ke2 Rc2 42. Kd3 Ra2 43. Rc1 Ra3+ 44. Ke4 Rb3 45. Rxc6 Rxh3 46. b5 Rb3 47. b6 Bh4 48. Be3 Kg7 49. Rc7 Bd8 50. Rb7 h5 51. gxh5 gxh5 52. Rb8 Be7 53. Re8 Bf8 54. Bf2 Ba3 55. Rc8 h4 56. Bxh4 Rxb6 57. Bf6+ Kg6 58. Kf3 Rb3+ 59. Kg4 Rb1 60. Rg8+ Kh6 61. Kf3 Rf1+ 62. Ke4 Bc1 63. Rg4 Re1+ 64. Kf3 Re3+ 65. Kf2 Re4 66. Kg2 Kh7 67. Rg7+ Kh6 68. Rg4 1/2-1/2

[Event "Olympiad-43"]
[Site "Batumi"]
[Date "2018.09.25"]
[Round "2.2"]
[White "Nanjo, Ryosuke"]
[Black "Anquandah, Francis Eric"]
[Result "1-0"]
[WhiteElo "2324"]
[BlackElo "1992"]
[PlyCount "87"]
[EventDate "2018.09.24"]
[EventType "team-swiss"]
[EventRounds "11"]
[EventCountry "GEO"]
[SourceTitle "CBM 187"]
[Source "ChessBase"]
[SourceDate "2018.12.11"]
[SourceVersion "1"]
[SourceVersionDate "2018.12.11"]
[SourceQuality "1"]
[WhiteTeam "Japan"]
[BlackTeam "Ghana"]
[WhiteTeamCountry "JPN"]
[BlackTeamCountry "GHA"]

1. e4 d5 2. exd5 Qxd5 3. Nf3 Bf5 4. Be2 e6 5. d4 Nf6 6. 0-0 c6 7. c4 Qd8 8. Nc3 Bd6 9. Qb3 Qb6 10. c5 Qxb3 11. axb3 Bc7 12. b4 Nbd7 13. b5 0-0 14. Re1 Rfd8 15. Bg5 h6 16. Bh4 g5 17. Bg3 Bxg3 18. hxg3 Ne4 19. bxc6 bxc6 20. Ra6 g4 21. Nh4 Nb8 22. Ra4 Nxc3 23. bxc3 Rd7 24. Nxf5 exf5 25. Bd3 a5 26. Bxf5 Rb7 27. Bxg4 Rb3 28. Re8+ Kg7 29. Bf3 Ra7 30. Kf1 Rab7 31. Re3 Rb1+ 32. Ke2 R7b2+ 33. Kd3 Rxf2 34. Rxa5 Nd7 35. Bxc6 Nf6 36. Bf3 h5 37. Ra8 Ng4 38. c6 Nxe3 39. c7 Nxg2 40. Bxg2 Rxg2 41. c8Q Rxg3+ 42. Kc2 Rbg1 43. Qh8+ Kg6 44. Rg8+ 1-0

[Event "GHA-ch"]
[Site "Accra"]
[Date "2017.12.27"]
[Round "2"]
[White "Hasford, John Kojo"]
[Black "Anquandah, Francis Eric"]
[Result "1/2-1/2"]
[WhiteElo "2021"]
[BlackElo "1971"]
[PlyCount "59"]
[EventDate "2017.12.26"]
[EventType "tourn"]
[EventRounds "9"]
[EventCountry "GHA"]
[SourceTitle "EXT 2019"]
[Source "ChessBase"]
[SourceDate "2018.10.10"]
[SourceVersion "1"]
[SourceVersionDate "2018.10.10"]
[SourceQuality "1"]

1. e4 d5 2. exd5 Qxd5 3. Nc3 Qa5 4. d4 c6 5. Nf3 Nf6 6. Bd2 Qc7 7. Bd3 Bg4 8. h3 Bh5 9. Ne4 Nxe4 10. Bxe4 e6 11. Bc3 Nd7 12. g4 Bg6 13. Qe2 Nf6 14. Bxg6 hxg6 15. 0-0-0 0-0-0 16. Ne5 Bd6 17. f4 Kb8 18. Qf3 Nd5 19. Bd2 c5 20. dxc5 Bxc5 21. Kb1 g5 22. Nd3 gxf4 23. Nxf4 Nxf4 24. Bxf4 e5 25. Be3 Bxe3 26. Qxe3 f6 27. b3 Rd6 28. Rxd6 Qxd6 29. Qe4 Qc6 30. Qxc6 1/2-1/2

[Event "GHA-ch"]
[Site "Accra"]
[Date "2017.12.26"]
[Round "1"]
[White "Anquandah, Francis Eric"]
[Black "Hushie, Carlton"]
[Result "1-0"]
[WhiteElo "1971"]
[BlackElo "1722"]
[PlyCount "91"]
[EventDate "2017.12.26"]
[EventType "tourn"]
[EventRounds "9"]
[EventCountry "GHA"]
[SourceTitle "EXT 2019"]
[Source "ChessBase"]
[SourceDate "2018.10.10"]
[SourceVersion "1"]
[SourceVersionDate "2018.10.10"]
[SourceQuality "1"]

1. e4 e5 2. Nf3 Nc6 3. Bc4 Bc5 4. c3 Nf6 5. d4 exd4 6. e5 d5 7. Bb5 Ne4 8. cxd4 Bb4+ 9. Nbd2 0-0 10. Bxc6 bxc6 11. 0-0 Bg4 12. Qc2 Bxf3 13. Nxf3 c5 14. a3 Ba5 15. dxc5 c6 16. Bf4 Qe7 17. b4 Bc7 18. Nd4 Qe8 19. f3 Nf6 20. Qf5 Nd7 21. Rfe1 Nb8 22. Qg4 Kh8 23. Nf5 Rg8 24. Nd6 Qf8 25. Qf5 Bxd6 26. exd6 a5 27. Rac1 axb4 28. axb4 Ra4 29. b5 cxb5 30. c6 Rc4 31. c7 Na6 32. Bg3 Nxc7 33. dxc7 Qc5+ 34. Bf2 Qxc7 35. Rcd1 b4 36. Rxd5 Rc1 37. Qd3 Rc8 38. Rxc1 Qxc1+ 39. Qd1 Qc7 40. Rd7 Qb8 41. Rxf7 b3 42. Bd4 Rg8 43. Bb2 Qb6+ 44. Kh1 Qg6 45. Rxg7 Qc2 46. Qxc2 1-0

[Event "GHA-ch"]
[Site "Accra"]
[Date "2016.12.19"]
[Round "6"]
[White "Anquandah, Francis Eric"]
[Black "Adu Jnr, Lionel"]
[Result "1-0"]
[WhiteElo "1965"]
[BlackElo "1903"]
[PlyCount "105"]
[EventDate "2016.12.17"]
[EventType "tourn"]
[EventRounds "9"]
[EventCountry "GHA"]
[SourceTitle "CBM 176 Extra"]
[Source "ChessBase"]
[SourceDate "2017.03.02"]
[SourceVersion "1"]
[SourceVersionDate "2017.03.02"]
[SourceQuality "1"]

1. e4 c6 2. d4 d5 3. Nd2 g6 4. Ngf3 Bg4 5. Be2 Bg7 6. e5 e6 7. h3 Bxf3 8. Nxf3 c5 9. Bb5+ Nc6 10. c3 cxd4 11. Bxc6+ bxc6 12. cxd4 Ne7 13. 0-0 0-0 14. Bg5 Re8 15. Rc1 Qb6 16. Qd2 Rac8 17. b4 Ra8 18. Rc5 h5 19. Rfc1 Rac8 20. a3 Bf8 21. Bh6 Qa6 22. Bxf8 Rxf8 23. Ra5 Qb6 24. Qg5 Nf5 25. Rcc5 h4 26. Qf4 Qd8 27. Rxa7 Ra8 28. Rxa8 Qxa8 29. Qc1 Qa7 30. Qc3 Ra8 31. Ra5 Qb7 32. Qc5 Ra6 33. a4 Kg7 34. Kh2 Qb6 35. Qxb6 Rxb6 36. b5 cxb5 37. axb5 Rb7 38. Kg1 f6 39. b6 Rxb6 40. Ra7+ Kf8 41. exf6 Rb1+ 42. Kh2 Rb8 43. Ne5 Kg8 44. f7+ Kg7 45. f8Q+ Kxf8 46. Nd7+ Kg8 47. Nxb8 Nxd4 48. Rc7 g5 49. Nc6 Nxc6 50. Rxc6 Kf7 51. g3 Kf6 52. gxh4 gxh4 53. Kg2 1-0

[Event "Olympiad-42"]
[Site "Baku"]
[Date "2016.09.13"]
[Round "11.1"]
[White "Li, Hui"]
[Black "Anquandah, Francis Eric"]
[Result "1-0"]
[WhiteElo "1964"]
[BlackElo "1951"]
[PlyCount "165"]
[EventDate "2016.09.02"]
[EventType "team-swiss"]
[EventRounds "11"]
[EventCountry "AZE"]
[SourceTitle "CBM 175"]
[Source "ChessBase"]
[SourceDate "2016.11.10"]
[SourceVersion "1"]
[SourceVersionDate "2016.11.10"]
[SourceQuality "1"]
[WhiteTeam "Macau"]
[BlackTeam "Ghana"]
[WhiteTeamCountry "MAC"]
[BlackTeamCountry "GHA"]

1. e4 d5 2. exd5 Qxd5 3. Nc3 Qa5 4. d4 c6 5. Nf3 Bf5 6. Bc4 Nd7 7. 0-0 e6 8. Qe2 Ngf6 9. Bb3 Bd6 10. Bd2 Qc7 11. h3 0-0 12. Nh4 Bg6 13. Nxg6 hxg6 14. Rfd1 Rad8 15. Bg5 Bf4 16. Bxf4 Qxf4 17. g3 Qf5 18. Kg2 Rfe8 19. Qd2 Nh7 20. Qd3 Qa5 21. Ne4 Ndf6 22. Nxf6+ gxf6 23. Qf3 Kg7 24. c3 Rh8 25. h4 Nf8 26. Rh1 Nd7 27. Rad1 Qc7 28. Qe3 Nb6 29. Qf3 a5 30. h5 Qe7 31. a3 Nd5 32. Rde1 Nc7 33. Qe2 Rhe8 34. Qd2 g5 35. h6+ Kh8 36. Qe2 f5 37. Qe5+ f6 38. Qxa5 Nd5 39. Bxd5 Rxd5 40. Qb4 Qf7 41. Qc4 f4 42. g4 f5 43. Qe2 Kh7 44. f3 fxg4 45. fxg4 e5 46. Qe4+ Kh8 47. Rhf1 Rd6 48. dxe5 Rxh6 49. Rh1 Ree6 50. Qf5 Qe7 51. Rd1 Rxh1 52. Rxh1+ Kg8 53. Re1 Kg7 54. Qe4 Qe8 55. Qf5 Qe7 56. Qe4 Qe8 57. Qd4 Qe7 58. Kf3 Kg8 59. Qe4 Kg7 60. Rh1 Kg8 61. Re1 Kg7 62. Qf5 Kg8 63. Kg2 Kg7 64. Kf3 Kg8 65. Rd1 Kg7 66. Re1 Kg8 67. Re2 Kg7 68. Rh2 Kg8 69. Rh5 Rxe5 70. Qc8+ Qe8 71. Qxe8+ Rxe8 72. Rxg5+ Kh7 73. Kxf4 Re2 74. b4 Rc2 75. Rc5 Ra2 76. Ke5 Rxa3 77. Kd6 Ra8 78. Kc7 Rg8 79. Kxb7 Rxg4 80. Kxc6 Kg7 81. b5 Kf7 82. b6 Ke7 83. b7 1-0

[Event "Olympiad-42"]
[Site "Baku"]
[Date "2016.09.11"]
[Round "9.1"]
[White "Belzo, Krzysztof"]
[Black "Anquandah, Francis Eric"]
[Result "1-0"]
[WhiteElo "2044"]
[BlackElo "1951"]
[PlyCount "89"]
[EventDate "2016.09.02"]
[EventType "team-swiss"]
[EventRounds "11"]
[EventCountry "AZE"]
[SourceTitle "CBM 175"]
[Source "ChessBase"]
[SourceDate "2016.11.10"]
[SourceVersion "1"]
[SourceVersionDate "2016.11.10"]
[SourceQuality "1"]
[WhiteTeam "Jersey"]
[BlackTeam "Ghana"]
[WhiteTeamCountry "GCI"]
[BlackTeamCountry "GHA"]

1. c4 e5 2. g3 Nf6 3. Bg2 c6 4. Nc3 Be7 5. d4 exd4 6. Qxd4 0-0 7. Nf3 Na6 8. 0-0 Nc7 9. e4 Ne6 10. Qd1 d6 11. Nh4 Nc5 12. b4 Na6 13. b5 Nb8 14. a4 Be6 15. Qe2 Nfd7 16. Nf3 Bf6 17. Bb2 Qa5 18. Rfc1 Nc5 19. Rc2 Bg4 20. Ra3 Nbd7 21. Qd2 Qc7 22. Nd4 Ne6 23. Nce2 Nxd4 24. Nxd4 Rad8 25. h3 Be6 26. f4 c5 27. Nxe6 fxe6 28. Bc1 Bd4+ 29. Kh2 Nf6 30. Qe2 Qf7 31. Rf3 Qh5 32. Rd3 Qg6 33. Bf3 b6 34. Bb2 d5 35. exd5 exd5 36. Bxd4 dxc4 37. Rxc4 Rfe8 38. Re3 cxd4 39. Rxe8+ Rxe8 40. Qd2 d3 41. Rd4 h6 42. Rxd3 Ne4 43. Bxe4 Qxe4 44. Rd7 Qxa4 45. Qb2 1-0

[Event "Africa-ch"]
[Site "Kampala"]
[Date "2016.07.22"]
[Round "7"]
[White "Mwangi, Martin Njoroge"]
[Black "Anquandah, Francis Eric"]
[Result "1-0"]
[WhiteElo "1785"]
[BlackElo "2019"]
[PlyCount "57"]
[EventDate "2016.07.17"]
[EventType "swiss"]
[EventRounds "9"]
[EventCountry "UGA"]
[SourceTitle "CBM 173 Extra"]
[Source "ChessBase"]
[SourceDate "2016.08.29"]
[SourceVersion "1"]
[SourceVersionDate "2016.08.29"]
[SourceQuality "1"]

1. e4 d5 2. exd5 Qxd5 3. Nc3 Qa5 4. d4 c6 5. Bc4 Bf5 6. Nf3 e6 7. Qe2 Be7 8. Bd2 Qc7 9. 0-0 Nf6 10. Rfe1 Nbd7 11. Bb3 Nb6 12. Ne5 0-0 13. g4 Bg6 14. h4 a5 15. a4 Rad8 16. h5 Bxc2 17. Bxc2 Rxd4 18. Rad1 Bd6 19. Be3 Rxd1 20. Bxd1 Bxe5 21. Bxb6 Qxb6 22. Qxe5 Qxb2 23. h6 Rd8 24. Qg5 Kf8 25. hxg7+ Ke7 26. Ne4 h6 27. Qc5+ Kd7 28. Qd6+ Kc8 29. Qxd8+ 1-0

[Event "Africa-ch"]
[Site "Kampala"]
[Date "2016.07.19"]
[Round "3"]
[White "Bouah, Lyndon"]
[Black "Anquandah, Francis Eric"]
[Result "1/2-1/2"]
[WhiteElo "2124"]
[BlackElo "2019"]
[PlyCount "154"]
[EventDate "2016.07.17"]
[EventType "swiss"]
[EventRounds "9"]
[EventCountry "UGA"]
[SourceTitle "CBM 173 Extra"]
[Source "ChessBase"]
[SourceDate "2016.08.29"]
[SourceVersion "1"]
[SourceVersionDate "2016.08.29"]
[SourceQuality "1"]

1. d4 Nf6 2. c4 e5 3. dxe5 Ng4 4. Bf4 Nc6 5. Nf3 Bb4+ 6. Nbd2 Qe7 7. a3 Ngxe5 8. Nxe5 Nxe5 9. e3 Bxd2+ 10. Qxd2 d6 11. Be2 0-0 12. 0-0 b6 13. Rfd1 Bb7 14. Rac1 a5 15. Bg3 a4 16. Qd4 Nd7 17. Qh4 Rfe8 18. Qxe7 Rxe7 19. Rc3 Nc5 20. f3 Rae8 21. Bf2 h6 22. Bf1 f5 23. Re1 Re6 24. Bd3 Nxd3 25. Rxd3 Kf7 26. Rd4 g5 27. Red1 Bc6 28. R1d2 Kg6 29. h3 h5 30. Kh2 Kf6 31. Kg1 Rg8 32. R2d3 Kg6 33. Be1 Rge8 34. Kf2 Rd8 35. Bb4 Rde8 36. Bd2 Bd7 37. Rc3 Bc6 38. Rc1 Kf7 39. Re1 Rg6 40. Bc3 g4 41. hxg4 hxg4 42. fxg4 Be4 43. gxf5 Rxg2+ 44. Kf1 Rh2 45. Re2 Rh1+ 46. Kf2 Reh8 47. Rxe4 R8h2+ 48. Kg3 Rxe2 49. f6 Rf1 50. Re7+ Kf8 51. Rxc7 Rxe3+ 52. Kg2 Rf5 53. Rc6 Re4 54. Rxd6 Rg4+ 55. Kh3 Rg1 56. Kh2 Rg6 57. Rd3 Rh5+ 58. Rh3 Rxh3+ 59. Kxh3 Kf7 60. Kh4 Rg8 61. c5 bxc5 62. Kh5 Ke6 63. Kh4 Kf5 64. Kh3 Ke4 65. Kh4 Kf4 66. Bd2+ Kf5 67. Bc3 Ke6 68. Kh3 Rg6 69. Kh4 Kf7 70. Kh3 Rxf6 71. Bxf6 Kxf6 72. Kg3 Ke5 73. Kf3 Kd4 74. Ke2 Kc4 75. Kd2 Kb3 76. Kc1 c4 77. Kb1 c3 1/2-1/2

[Event "GHA-ch"]
[Site "Accra"]
[Date "2015.12.17"]
[Round "3"]
[White "Thompson, Edward Nii Lamptey"]
[Black "Anquandah, Francis Eric"]
[Result "1/2-1/2"]
[WhiteElo "1877"]
[BlackElo "1980"]
[PlyCount "137"]
[EventDate "2015.12.16"]
[EventType "tourn"]
[EventRounds "9"]
[EventCountry "GHA"]
[SourceTitle "CBM 170 Extra"]
[Source "ChessBase"]
[SourceDate "2016.02.25"]
[SourceVersion "1"]
[SourceVersionDate "2016.02.25"]
[SourceQuality "1"]

1. e4 d5 2. exd5 Qxd5 3. Nc3 Qa5 4. d4 c6 5. Bc4 Bf5 6. Qf3 e6 7. Nge2 Nf6 8. Bb3 Bd6 9. 0-0 Nbd7 10. Bf4 Qc7 11. h3 h6 12. Rfe1 g5 13. Bxd6 Qxd6 14. Ng3 Bg6 15. d5 cxd5 16. Nxd5 Nxd5 17. Bxd5 0-0 18. Bb3 Qc7 19. Re3 Rad8 20. Rc3 Qb6 21. Ne4 Kg7 22. Rd1 Bxe4 23. Qxe4 Nf6 24. Qe2 Rxd1+ 25. Qxd1 Ne4 26. Rf3 Rd8 27. Qe2 f5 28. Rd3 Rxd3 29. cxd3 Nc5 30. Qe5+ Kg6 31. Bc4 Nd7 32. Qxe6+ Qxe6 33. Bxe6 Nc5 34. Bc4 Kf6 35. b4 Nd7 36. d4 Ke7 37. Kf1 Kd6 38. Ke2 Nf6 39. Kd3 Ne4 40. f3 Ng3 41. Bf7 f4 42. a4 Nf5 43. Ke4 Nh4 44. Bb3 Nxg2 45. Kf5 Ne1 46. Ke4 Ng2 47. a5 Ne3 48. b5 b6 49. axb6 axb6 50. h4 gxh4 51. Kxf4 h3 52. Kg3 Nf5+ 53. Kxh3 Nxd4 54. Bd1 Nxb5 55. Kg4 Ke5 56. Kh5 Kf4 57. Kxh6 Nc3 58. Bb3 Kxf3 59. Kg5 Ke3 60. Kf5 Kd4 61. Kf4 b5 62. Kf3 b4 63. Kf2 Nb5 64. Ke2 Kc3 65. Bf7 Kb2 66. Kd1 Nc3+ 67. Kd2 Ne4+ 68. Kd3 Nd6 69. Bg8 1/2-1/2

[Event "GHA-ch"]
[Site "Accra"]
[Date "2015.12.16"]
[Round "1"]
[White "Anquandah, Francis Eric"]
[Black "Kpodo, Evans Mawuko"]
[Result "1-0"]
[WhiteElo "1980"]
[BlackElo "1738"]
[PlyCount "63"]
[EventDate "2015.12.16"]
[EventType "tourn"]
[EventRounds "9"]
[EventCountry "GHA"]
[SourceTitle "CBM 170 Extra"]
[Source "ChessBase"]
[SourceDate "2016.02.25"]
[SourceVersion "1"]
[SourceVersionDate "2016.02.25"]
[SourceQuality "1"]

1. e4 c5 2. Nf3 d6 3. d4 cxd4 4. Bb5+ Bd7 5. Bxd7+ Nxd7 6. Nxd4 Ngf6 7. f3 g6 8. 0-0 Bg7 9. Be3 a6 10. c4 0-0 11. Nc3 Ne5 12. b3 Nc6 13. Qd2 Nxd4 14. Bxd4 Qa5 15. Rad1 Rac8 16. Nd5 Qd8 17. Bxf6 exf6 18. Kh1 Rc6 19. Nb4 Rb6 20. Nd5 Rc6 21. Nb4 Rb6 22. c5 Rb5 23. cxd6 Qa5 24. d7 Rd8 25. Nd5 Qa3 26. b4 Kh8 27. Qc2 Rxd5 28. Rxd5 Qxb4 29. Qc7 Qf8 30. Rc1 Bh6 31. Qxd8 Qxd8 32. Rc8 1-0